Normal view
MARC view
- Blanish, Lazli
Entry Personal Name
001 - CONTROL NUMBER
- control field: 66350
003 - CONTROL NUMBER IDENTIFIER
- control field: NUST
005 - DATE AND TIME OF LATEST TRANSACTION
- control field: 20210628203557.0
008 - FIXED-LENGTH DATA ELEMENTS
- fixed length control field: 210628|| aca||aabn | a|a d
040 ## - CATALOGING SOURCE
- Original cataloging agency: NUST
- Transcribing agency: NUST
100 ## - HEADING--PERSONAL NAME
- Personal name: Blanish, Lazli
670 ## - SOURCE DATA FOUND
- Source citation: Work cat.: (NUST): Blanish, Lazli, The sabres of paradise, 1990
